| 000 | 01002nam a2200313Ia 4500 | ||
|---|---|---|---|
| 003 | OSt | ||
| 005 | 20221006140637.0 | ||
| 006 | a|||||r|||| 00| 0 | ||
| 007 | ta | ||
| 008 | 221006b |||||||| |||| 00| 0 eng d | ||
| 020 |
_a0312164300 _c _99.44 |
||
| 020 | _a9780312164300 | ||
| 024 | _a251 | ||
| 037 |
_bGift, Japan Foundation _cTextual |
||
| 040 |
_aEASL _cEASL _beng |
||
| 041 |
_2eng _aeng |
||
| 082 | _aX.42.N9, N6 | ||
| 100 |
_aTACHIBANAKI Toshiaki _9235454 |
||
| 245 | 0 |
_aPublic policies and the Japanese economy _b Savings, investments, unemployment, inequality |
|
| 260 |
_aLondon _bMacmillan Press Ltd. _c1996 |
||
| 300 |
_a311p. _ccm. |
||
| 490 |
_v JEL _aStudies in the modern japanese economy |
||
| 650 | _a JEL | ||
| 650 |
_a Labour market - Japan _9643083 |
||
| 650 |
_a Taxation - Japan _9643084 |
||
| 650 |
_aCapital market - Japan _9643085 |
||
| 942 |
_hX.42.N9, N6 _cTEXL _2CC |
||
| 999 |
_c1068338 _d1068338 |
||